[Event "1. OEsterreichische Internet Schach Meisterschaft - Vorrunde 1"]
[Site "Online - Playchess.com"]
[Date ""]
[Round "2"]
[Board "79"]
[White "Nyenstad, Martin"]
[Black "Janes, Christian"]
[Result "0-1"]
[WhiteElo "800"]
[BlackElo "1740"]
[PlyCount "124"]
[EventDate "2020.04.11"]
[EventRounds "9"]
[EventCountry "AUT"]

1. e4 e5 2. Nc3 Nc6 3. Bc4 Nf6 4. Nf3 Bc5 5. d3 O-O 6. O-O d6 7. Bg5 h6 8. Bxf6
Qxf6 9. Bd5 Be6 10. Bxe6 Qxe6 11. Qd2 Bb4 12. a3 Bxc3 13. Qxc3 a6 14. Qd2 Rad8
15. d4 exd4 16. Nxd4 Nxd4 17. Qxd4 c5 18. Qd5 b5 19. Qxe6 fxe6 20. Rae1 e5 21.
Re3 Kf7 22. Rf3+ Ke6 23. Rxf8 Rxf8 24. Re1 a5 25. Re3 g5 26. Rf3 Rf4 27. Rxf4
exf4 28. f3 Ke5 29. Kf2 Kd4 30. Ke2 c4 31. c3+ Ke5 32. h3 d5 33. exd5 Kxd5 34.
Kf2 Ke5 35. g4 Kf6 36. Kg2 Ke5 37. Kf2 Kd5 38. Ke2 Kc5 39. Kd2 b4 40. axb4+
axb4 41. cxb4+ Kxb4 42. Kc2 Kc5 43. b3 cxb3+ 44. Kxb3 Kd4 45. Kc2 Ke3 46. Kd1
Kxf3 47. Ke1 Kg3 48. Kf1 Kxh3 49. Kg1 Kxg4 50. Kg2 f3+ 51. Kf1 Kg3 52. Kg1 h5
53. Kf1 h4 54. Kg1 h3 55. Kh1 g4 56. Kg1 f2+ 57. Kf1 h2 58. Ke2 h1=Q 59. Ke3
Qf3+ 60. Kd2 f1=R 61. Kc2 Rf2+ 62. Kc1 Qh1#  0-1

[Event "1. OEsterreichische Internet Schach Meisterschaft - Vorrunde 1"]
[Site "Online - Playchess.com"]
[Date ""]
[Round "2"]
[Board "80"]
[White "Pernerstorfer, Markus"]
[Black "Staudacher, Karl-Heinz"]
[Result "1-0"]
[WhiteElo "1582"]
[BlackElo "1734"]
[PlyCount "73"]
[EventDate "2020.04.11"]
[EventRounds "9"]
[EventCountry "AUT"]

1. e4 c5 2. Nf3 e6 3. d4 cxd4 4. Nxd4 Nc6 5. Nc3 Qc7 6. a3 a6 7. Be2 Nf6 8. O-O
b5 9. Kh1 Bd6 10. f4 Nxd4 11. Qxd4 Bc5 12. Qd3 Bb7 13. Qg3 O-O 14. Bd3 g6 15.
Bd2 Nh5 16. Qh4 Rac8 17. Rae1 d6 18. f5 Ng7 19. Bh6 Qd8 20. f6 Nh5 21. Be2 Nxf6
22. Rxf6 Bd4 23. Rf4 e5 24. Qxd8 Rcxd8 25. Rf6 Rc8 26. Bxf8 Rxf8 27. Bd3 Rc8
28. Ref1 Bxc3 29. bxc3 Rxc3 30. Rxf7 Rxa3 31. Rxb7 Rc3 32. Rff7 Rc8 33. Rg7+
Kf8 34. Rxh7 Kg8 35. Rbg7+ Kf8 36. Rxg6 Ke8 37. Rg8#  1-0

[Event "1. OEsterreichische Internet Schach Meisterschaft - Vorrunde 1"]
[Site "Online - Playchess.com"]
[Date ""]
[Round "2"]
[Board "81"]
[White "Kratochwill, Christian"]
[Black "Schein, Alexander"]
[Result "1-0"]
[WhiteElo "1717"]
[BlackElo "1631"]
[PlyCount "137"]
[EventDate "2020.04.11"]
[EventRounds "9"]
[EventCountry "AUT"]

1. e4 d5 2. exd5 Nf6 3. Nc3 Nxd5 4. Nf3 Bg4 5. Be2 e5 6. d4 exd4 7. Nxd4 Bxe2
8. Ncxe2 Bc5 9. O-O O-O 10. c4 Nb6 11. b3 N8d7 12. Bb2 Nf6 13. Nf3 Qe7 14. Ng3
Rad8 15. Re1 Rxd1 16. Raxd1 Bxf2+ 17. Kxf2 Qc5+ 18. Bd4 Qa5 19. Nf5 Qxa2+ 20.
Kg1 Qxb3 21. Ng5 h6 22. Nf3 Qxc4 23. Bxf6 gxf6 24. Nxh6+ Kh7 25. Nf5 Qf4 26.
Ng3 a5 27. Rd4 Qh6 28. Rh4 Qxh4 29. Nxh4 a4 30. Ne4 a3 31. Nxf6+ Kg7 32. Ne4 a2
33. Nc3 Ra8 34. Ra1 Nc4 35. Rxa2 Rxa2 36. Nxa2 b5 37. Nb4 c5 38. Nd5 b4 39.
Nf5+ Kf8 40. Kf1 b3 41. Ke2 b2 42. Nc3 Na3 43. Ne3 b1=Q 44. Nxb1 Nxb1 45. Nd5
c4 46. Kd1 Kg7 47. Kc2 Na3+ 48. Kc3 Nb5+ 49. Kxc4 Nd6+ 50. Kd4 Nf5+ 51. Ke4 Nh4
52. g3 Ng6 53. h4 Nf8 54. Kf5 Ne6 55. g4 Kh6 56. g5+ Kg7 57. h5 Kg8 58. Kf6 Nf4
59. Nxf4 Kh7 60. Nd3 Kh8 61. Ne5 Kh7 62. Nxf7 Kg8 63. Nh6+ Kh7 64. Ng4 Kh8 65.
g6 Kg8 66. h6 Kh8 67. Kg5 Kg8 68. Nf6+ Kh8 69. g7#  1-0

[Event "1. OEsterreichische Internet Schach Meisterschaft - Vorrunde 1"]
[Site "Online - Playchess.com"]
[Date ""]
[Round "2"]
[Board "82"]
[White "Kienboeck, Samuel"]
[Black "Kellner, Nikolaus"]
[Result "1-0"]
[WhiteElo "1056"]
[BlackElo "1685"]
[PlyCount "45"]
[EventDate "2020.04.11"]
[EventRounds "9"]
[EventCountry "AUT"]

1. e4 d5 2. exd5 Nf6 3. Nc3 Nxd5 4. Nge2 e6 5. d4 Nc6 6. g3 Bd6 7. Bg2 Nxc3 8.
Nxc3 Bd7 9. O-O Qf6 10. Re1 O-O 11. d5 Na5 12. Ne4 Qe7 13. dxe6 Bxe6 14. Nxd6
Qxd6 15. Qxd6 cxd6 16. Bd2 Nc6 17. b4 a6 18. a3 Rac8 19. c3 b5 20. a4 Ne5 21.
Bb7 Rb8 22. Bxa6 Nc4 23. Bf4 {Zeit}  1-0

[Event "1. OEsterreichische Internet Schach Meisterschaft - Vorrunde 1"]
[Site "Online - Playchess.com"]
[Date ""]
[Round "2"]
[Board "83"]
[White "Mittelbach, Eduard"]
[Black "Rosol, Philip"]
[Result "0-1"]
[WhiteElo "1667"]
[BlackElo "1468"]
[PlyCount "58"]
[EventDate "2020.04.11"]
[EventRounds "9"]
[EventCountry "AUT"]

1. e4 d6 2. d4 Nf6 3. Nc3 e5 4. Bc4 Nbd7 5. Nf3 Be7 6. dxe5 dxe5 7. O-O c6 8.
Ng5 O-O 9. f4 h6 10. fxe5 Nxe5 11. Nf3 Nxc4 12. Qe2 Nb6 13. Rd1 Qc7 14. Bf4
Qxf4 15. Nd4 Bc5 16. Kh1 Bg4 17. Nf3 Bxf3 18. gxf3 Rad8 19. Rg1 Bxg1 20. Rxg1
Nbd7 21. Qg2 Qg5 22. Qh3 Qh5 23. Qf1 Ne5 24. f4 Qf3+ 25. Qxf3 Nxf3 26. Rg3 Nd4
27. e5 Nd5 28. Ne4 Nxf4 29. Nf6+ Kh8 {Zeit}  0-1

[Event "1. OEsterreichische Internet Schach Meisterschaft - Vorrunde 1"]
[Site "Online - Playchess.com"]
[Date ""]
[Round "2"]
[Board "84"]
[White "Gall, Bernhard"]
[Black "Astner, Klaus"]
[Result "0-1"]
[WhiteElo "1244"]
[BlackElo "1409"]
[PlyCount "24"]
[EventDate "2020.04.11"]
[EventRounds "9"]
[EventCountry "AUT"]

1. e4 c6 2. Nf3 d5 3. exd5 cxd5 4. d4 Nf6 5. Nc3 Bg4 6. Bb5+ Nc6 7. O-O e6 8.
h3 Bxf3 9. Qxf3 Be7 10. Re1 O-O 11. Qg3 Nxd4 12. Bh6 Nf5  0-1

[Event "1. OEsterreichische Internet Schach Meisterschaft - Vorrunde 1"]
[Site "Online - Playchess.com"]
[Date ""]
[Round "3"]
[Board "1"]
[White "Kilgus, Georg"]
[Black "Ragger, Markus"]
[Result "0-1"]
[WhiteElo "2461"]
[BlackElo "2679"]
[PlyCount "74"]
[EventDate "2020.04.11"]
[EventRounds "9"]
[EventCountry "AUT"]

1. e4 e5 2. Bc4 Nf6 3. d3 Nc6 4. Nc3 Bb4 5. Nge2 d5 6. exd5 Nxd5 7. O-O Be6 8.
Bxd5 Bxd5 9. f4 f6 10. fxe5 Nxe5 11. Bf4 Ng6 12. Bg3 Bf7 13. a3 Ba5 14. h3 O-O
15. Qd2 Re8 16. Rae1 Qd7 17. Nf4 Bb6+ 18. Bf2 c6 19. Bxb6 axb6 20. Nxg6 hxg6
21. Rxe8+ Rxe8 22. Re1 Qd4+ 23. Kh2 Re6 24. Rxe6 Bxe6 25. Qe1 Kf7 26. Qe4 Qd6+
27. Kg1 b5 28. Ne2 Bd5 29. Qe3 c5 30. Nc3 Bc6 31. Ne2 g5 32. Kf2 b6 33. Qg3 Qe7
34. Qe3 Qd6 35. Qg3 Qd7 36. Qe3 Qd5 37. b3 Qxg2+  0-1

[Event "1. OEsterreichische Internet Schach Meisterschaft - Vorrunde 1"]
[Site "Online - Playchess.com"]
[Date ""]
[Round "3"]
[Board "2"]
[White "Fugger, Christian"]
[Black "Froewis, Georg"]
[Result "0-1"]
[WhiteElo "1818"]
[BlackElo "2457"]
[PlyCount "80"]
[EventDate "2020.04.11"]
[EventRounds "9"]
[EventCountry "AUT"]

1. d4 e6 2. c4 d5 3. Nc3 c6 4. e3 Nf6 5. Bd3 dxc4 6. Bxc4 b5 7. Bd3 Bb7 8. Nf3
a6 9. O-O Nbd7 10. a3 c5 11. dxc5 Nxc5 12. Be2 Qb6 13. b4 Ncd7 14. Bb2 Be7 15.
Rc1 O-O 16. Qc2 Rac8 17. Qb1 Rc7 18. Rfd1 Rfc8 19. h3 h6 20. Nd2 Qa7 21. Nde4
Qa8 22. Bf3 Ne5 23. Nxf6+ Bxf6 24. Bxb7 Qxb7 25. Ne4 Rxc1 26. Rxc1 Rxc1+ 27.
Bxc1 Be7 28. Bb2 Nc4 29. Ng3 Qd5 30. Bd4 e5 31. Bc3 Nxa3 32. Qa1 Nc4 33. Qxa6
g6 34. Qc8+ Kg7 35. Qe8 Bh4 36. Qb8 Bxg3 37. fxg3 Qe4 38. Qb6 Nxe3 39. Kf2 Nd1+
40. Kg1 Nxc3 {Grizzzly gibt auf}  0-1

[Event "1. OEsterreichische Internet Schach Meisterschaft - Vorrunde 1"]
[Site "Online - Playchess.com"]
[Date ""]
[Round "3"]
[Board "3"]
[White "Schwabeneder, Florian"]
[Black "Trippold, Denise"]
[Result "1-0"]
[WhiteElo "2431"]
[BlackElo "2150"]
[PlyCount "83"]
[EventDate "2020.04.11"]
[EventRounds "9"]
[EventCountry "AUT"]

1. e4 e6 2. d3 d5 3. Qe2 Ne7 4. Nf3 g6 5. g3 Bg7 6. Bg2 c5 7. O-O Nbc6 8. c3
O-O 9. e5 Qc7 10. Re1 h6 11. h4 a5 12. a4 b6 13. Na3 Ba6 14. Bf4 Rac8 15. Qd2
Kh7 16. g4 Rfe8 17. Bg3 Rcd8 18. Rad1 d4 19. c4 Nb4 20. Nb5 Bxb5 21. axb5 a4
22. Nh2 Ng8 23. h5 g5 24. f4 gxf4 25. Bxf4 Qe7 26. g5 Kh8 27. Ng4 hxg5 28. Bxg5
f6 29. exf6 Bxf6 30. Nxf6 Nxf6 31. Rf1 Rf8 32. Qf4 Nc2 33. Bxf6+ Qxf6 34. Qxf6+
Rxf6 35. Rxf6 Ne3 36. Rd2 Rg8 37. Rg6 Rf8 38. Rf2 Re8 39. Be4 Nd1 40. Rf7 Nxb2
41. Rg2 Rg8 42. Rh7#  1-0

[Event "1. OEsterreichische Internet Schach Meisterschaft - Vorrunde 1"]
[Site "Online - Playchess.com"]
[Date ""]
[Round "3"]
[Board "4"]
[White "Halvax, Georg"]
[Black "Hiermann, Dietmar"]
[Result "1-0"]
[WhiteElo "2416"]
[BlackElo "2250"]
[PlyCount "91"]
[EventDate "2020.04.11"]
[EventRounds "9"]
[EventCountry "AUT"]

1. d4 d5 2. c4 e6 3. Nf3 Nf6 4. Nc3 Be7 5. Bf4 O-O 6. a3 a6 7. e3 c6 8. Rc1
Nbd7 9. Bd3 Re8 10. O-O Nf8 11. Ne5 Ng6 12. Bg3 Bd7 13. Nxd7 Qxd7 14. cxd5 exd5
15. Qc2 Nh5 16. b4 Nxg3 17. hxg3 Bd6 18. Na4 Rad8 19. Nc5 Qe7 20. a4 Nf8 21.
Rb1 Ra8 22. Rb2 Rec8 23. Rfb1 g6 24. Qe2 b5 25. axb5 Bxc5 26. dxc5 axb5 27. Ra2
Qe5 28. Rb3 Ne6 29. Rba3 Rxa3 30. Rxa3 Kg7 31. Qc2 Rc7 32. Ra6 h5 33. Be2 d4
34. e4 Qf6 35. Qd3 Qg5 36. f4 Qd8 37. Bf3 Qd7 38. e5 Nd8 39. Be4 Ne6 40. f5
gxf5 41. Bxf5 Qd5 42. Qe2 Kh6 43. Ra8 Nd8 44. Qd2+ Kg7 45. Qg5+ Kf8 46. Rxd8+ {
Goofy007 gibt auf}  1-0

[Event "1. OEsterreichische Internet Schach Meisterschaft - Vorrunde 1"]
[Site "Online - Playchess.com"]
[Date ""]
[Round "3"]
[Board "5"]
[White "Freitag, Manfred"]
[Black "Lichtl, Erich"]
[Result "0-1"]
[WhiteElo "2356"]
[BlackElo "2096"]
[PlyCount "72"]
[EventDate "2020.04.11"]
[EventRounds "9"]
[EventCountry "AUT"]

1. e4 c6 2. Nc3 d5 3. Nf3 dxe4 4. Nxe4 Nf6 5. Qe2 Nxe4 6. Qxe4 Nd7 7. Bc4 Nf6
8. Ne5 e6 9. Qe2 Bd6 10. O-O O-O 11. d4 h6 12. c3 Qc7 13. a4 a5 14. f4 b6 15.
Bd2 Rb8 16. Rae1 c5 17. dxc5 Bxc5+ 18. Kh1 Bb7 19. f5 exf5 20. Rxf5 Qd6 21. Bf4
Rbe8 22. Nxf7 Bxg2+ 23. Kxg2 Rxe2+ 24. Rxe2 Qc6+ 25. Kg3 Rxf7 26. b3 Kf8 27.
Re6 Ne4+ 28. Kf3 Ng5+ 29. Kg4 Nxe6 30. Rxf7+ Kxf7 31. Kf5 Ke7 32. Be5 Qd7 33.
Kg6 Qe8+ 34. Kf5 g6+ 35. Ke4 Qc6+ 36. Kd3 Ng5  0-1

[Event "1. OEsterreichische Internet Schach Meisterschaft - Vorrunde 1"]
[Site "Online - Playchess.com"]
[Date ""]
[Round "3"]
[Board "6"]
[White "Hessenberger, Andreas"]
[Black "Platzgummer, Fabian"]
[Result "0-1"]
[WhiteElo "2019"]
[BlackElo "2336"]
[PlyCount "88"]
[EventDate "2020.04.11"]
[EventRounds "9"]
[EventCountry "AUT"]

1. e4 c5 2. c3 d5 3. exd5 Qxd5 4. d3 Nf6 5. Nf3 Nc6 6. Be2 g6 7. h3 Bg7 8. O-O
O-O 9. Na3 a6 10. Nc2 Rd8 11. Ne3 Qd7 12. Nc4 Qc7 13. Be3 Na5 14. Nxa5 Qxa5 15.
Qc2 Nd5 16. Bd2 Qc7 17. Rad1 Bf5 18. Nh4 Bd7 19. Bf3 Bc6 20. Be2 Nf4 21. Nf3
Nxe2+ 22. Kh1 Nf4 23. d4 Bxf3 24. gxf3 cxd4 25. Qe4 Ne6 26. f4 Qc6 27. Qxc6
bxc6 28. f5 gxf5 29. c4 Kf8 30. b3 Nc5 31. Bb4 Ne4 32. f3 Ng3+ 33. Kg2 Nxf1 34.
Rxf1 Be5 35. Re1 Bd6 36. c5 Bf4 37. Rd1 Be3 38. Be1 d3 39. b4 f4 40. Bc3 f6 41.
a3 Kf7 42. Kf1 e5 43. h4 Ke6 44. h5 f5 {Hessi75 gibt auf}  0-1

[Event "1. OEsterreichische Internet Schach Meisterschaft - Vorrunde 1"]
[Site "Online - Playchess.com"]
[Date ""]
[Round "3"]
[Board "7"]
[White "Perhinig, Robert"]
[Black "Rieger, Robert"]
[Result "0-1"]
[WhiteElo "2252"]
[BlackElo "2307"]
[PlyCount "56"]
[EventDate "2020.04.11"]
[EventRounds "9"]
[EventCountry "AUT"]

1. d4 d5 2. Bf4 Nf6 3. e3 c5 4. c3 Nc6 5. Nd2 Bf5 6. Ngf3 e6 7. Qb3 Qc8 8. Bb5
Be7 9. Ne5 Nd7 10. Ndf3 Ndxe5 11. Nxe5 O-O 12. Bxc6 bxc6 13. Qa4 Qb7 14. Nxc6
Bf6 15. b3 Bd3 16. Ne5 Bb5 17. Qa5 Bd8 18. Qa3 cxd4 19. exd4 Rc8 20. Rc1 f6 21.
Nf3 Re8 22. Nd2 e5 23. Be3 Bb6 24. dxe5 d4 25. cxd4 Qxg2 26. Rf1 Rxc1+ 27. Qxc1
fxe5 28. d5 Bxe3 {Glasauge72 gibt auf}  0-1

[Event "1. OEsterreichische Internet Schach Meisterschaft - Vorrunde 1"]
[Site "Online - Playchess.com"]
[Date ""]
[Round "3"]
[Board "8"]
[White "Wohlfahrt, Herbert"]
[Black "Mostbauer, Maximilian"]
[Result "1/2-1/2"]
[WhiteElo "2285"]
[BlackElo "2217"]
[PlyCount "89"]
[EventDate "2020.04.11"]
[EventRounds "9"]
[EventCountry "AUT"]

1. Nf3 Nf6 2. c4 g6 3. b3 Bg7 4. Bb2 O-O 5. g3 b6 6. Bg2 Bb7 7. O-O d6 8. d4
Nbd7 9. Nc3 Ne4 10. Ne1 Nxc3 11. Bxc3 Bxg2 12. Nxg2 e5 13. dxe5 Nxe5 14. Qc2
Qe7 15. Nf4 f5 16. Rad1 Qf7 17. Nd5 a5 18. Kg2 Rfe8 19. Rfe1 Re6 20. Qb2 Rae8
21. e3 Rc8 22. h3 Nd7 23. Bxg7 Qxg7 24. Qxg7+ Kxg7 25. Nc3 Nc5 26. Rd2 Rf8 27.
Red1 Ne4 28. Rd3 Nxc3 29. Rxc3 Re4 30. Rcd3 a4 31. Rd4 Rxd4 32. Rxd4 axb3 33.
axb3 Ra8 34. e4 Ra3 35. b4 Ra4 36. b5 Kf6 37. exf5 Kxf5 38. f4 h5 39. Kf3 Ra3+
40. Kg2 Rc3 41. Kf2 Rc2+ 42. Kf3 Rc3+ 43. Kf2 Rc2+ 44. Kf3 Rc3+ 45. Kf2  1/2-1/2

[Event "1. OEsterreichische Internet Schach Meisterschaft - Vorrunde 1"]
[Site "Online - Playchess.com"]
[Date ""]
[Round "3"]
[Board "9"]
[White "Belke, Frank"]
[Black "Peyrer, Konstantin"]
[Result "0-1"]
[WhiteElo "2273"]
[BlackElo "2265"]
[PlyCount "62"]
[EventDate "2020.04.11"]
[EventRounds "9"]
[EventCountry "AUT"]

1. d4 Nf6 2. c4 c5 3. Nf3 e6 4. Nc3 cxd4 5. Nxd4 Nc6 6. e3 Be7 7. Be2 O-O 8.
O-O b6 9. b3 Bb7 10. Bb2 d6 11. Bf3 Rc8 12. Nxc6 Bxc6 13. Bxc6 Rxc6 14. Qd2 Qa8
15. Rfd1 Rd8 16. e4 Rcc8 17. f3 a6 18. Qe2 Qa7 19. Kh1 Qb7 20. Rd2 Rc7 21. Rad1
Rdc8 22. Ba3 Ne8 23. e5 d5 24. Bxe7 Rxe7 25. Rd4 Rec7 26. h3 dxc4 27. bxc4 b5
28. Ne4 Rxc4 29. Rd8 Qb8 30. R8d7 Qxe5 31. Ra7 f5 {Zeit}  0-1

[Event "1. OEsterreichische Internet Schach Meisterschaft - Vorrunde 1"]
[Site "Online - Playchess.com"]
[Date ""]
[Round "3"]
[Board "10"]
[White "Neuschmied, Siegfried"]
[Black "Ofner, Maximilian"]
[Result "1-0"]
[WhiteElo "2268"]
[BlackElo "2177"]
[PlyCount "83"]
[EventDate "2020.04.11"]
[EventRounds "9"]
[EventCountry "AUT"]

1. e4 c6 2. d4 d5 3. exd5 cxd5 4. Bd3 Nc6 5. c3 Qc7 6. Ne2 e5 7. dxe5 Nxe5 8.
Bb5+ Bd7 9. Bxd7+ Qxd7 10. Bf4 f6 11. Nd2 O-O-O 12. Nb3 g5 13. Be3 Kb8 14. Qd4
Nc6 15. Qa4 Nge7 16. Nc5 Qc8 17. b4 Nf5 18. Bd2 Bxc5 19. bxc5 Rhe8 20. Qb5 d4
21. O-O a6 22. Qc4 Na5 23. Qd3 dxc3 24. Qxc3 Rxe2 25. Qxa5 Rdxd2 26. c6 Qxc6
27. Qxf5 Rxa2 28. Rxa2 Rxa2 29. Qxh7 Ka7 30. Qd3 Rc2 31. Qf5 Rc1 32. g3 Rxf1+
33. Kxf1 Qb5+ 34. Qxb5 axb5 35. h4 b4 36. Ke2 b3 37. Kd2 gxh4 38. gxh4 Kb6 39.
h5 Kc5 40. h6 Kb4 41. Kc1 Kc3 42. h7 {Maexpower gibt auf}  1-0

[Event "1. OEsterreichische Internet Schach Meisterschaft - Vorrunde 1"]
[Site "Online - Playchess.com"]
[Date ""]
[Round "3"]
[Board "12"]
[White "Kienboeck, Benjamin"]
[Black "Hofmann, Thomas"]
[Result "0-1"]
[WhiteElo "1922"]
[BlackElo "2215"]
[PlyCount "56"]
[EventDate "2020.04.11"]
[EventRounds "9"]
[EventCountry "AUT"]

1. e4 c5 2. Nf3 Nf6 3. Nc3 d5 4. exd5 Nxd5 5. Bc4 Nb6 6. Bb5+ Bd7 7. Bxd7+ Qxd7
8. O-O Nc6 9. d3 g6 10. Be3 Nd4 11. Ne4 Nxf3+ 12. Qxf3 Bg7 13. Nxc5 Qd5 14.
Qxd5 Nxd5 15. c3 b6 16. Ne4 f5 17. Ng5 Nxe3 18. fxe3 Bh6 19. h4 Bxg5 20. hxg5
Kf7 21. g4 e6 22. e4 Rhg8 23. exf5 gxf5 24. gxf5 Rxg5+ 25. Kh2 Rag8 26. fxe6+
Kxe6 27. Rae1+ Kd5 28. Rf2 Rh5#  0-1

[Event "1. OEsterreichische Internet Schach Meisterschaft - Vorrunde 1"]
[Site "Online - Playchess.com"]
[Date ""]
[Round "3"]
[Board "13"]
[White "Doskocil, Klaus"]
[Black "Frank, Paul"]
[Result "1/2-1/2"]
[WhiteElo "2157"]
[BlackElo "2210"]
[PlyCount "131"]
[EventDate "2020.04.11"]
[EventRounds "9"]
[EventCountry "AUT"]

1. e4 c5 2. Nc3 Nc6 3. g3 g6 4. Bg2 Bg7 5. f4 e6 6. Nf3 Nge7 7. O-O O-O 8. d3
f5 9. e5 d5 10. Bd2 a6 11. a4 d4 12. Ne2 Nd5 13. h3 b6 14. Kh2 Bb7 15. Ng5 Qe7
16. Bxd5 exd5 17. h4 h6 18. Nf3 Nd8 19. b3 Ne6 20. Qc1 Kf7 21. Kg2 Rac8 22. Qa3
a5 23. Rab1 Rfd8 24. Rfc1 Ba6 25. Ra1 Bf8 26. Rcb1 Rb8 27. Kf2 Rdc8 28. Rc1 c4
29. Qxe7+ Bxe7 30. dxc4 dxc4 31. Nexd4 Nc5 32. Be3 Ne4+ 33. Kg2 Bb7 34. Rd1 Bc5
35. Bg1 Rd8 36. bxc4 Rbc8 37. Rab1 Rc7 38. Nb5 Rcd7 39. Rxd7+ Rxd7 40. Bxc5
Nxc5 41. Kf2 Ne4+ 42. Ke1 Nxg3 43. Nd6+ Ke6 44. Nxb7 Rxb7 45. c5 Ne4 46. Rxb6+
Rxb6 47. cxb6 Kd7 48. Nd4 Nc5 49. h5 gxh5 50. Nxf5 Nxa4 51. b7 Kc7 52. Nxh6
Kxb7 53. f5 Kc7 54. f6 Nc5 55. f7 Ne6 56. Nf5 Kd7 57. Kd2 h4 58. Nxh4 Ke7 59.
Kc3 Kxf7 60. Kb3 Nc5+ 61. Kc4 Nd7 62. Kb5 Nxe5 63. Kxa5 Ke6 64. Kb5 Kd6 65. c4
Nxc4 66. Kxc4  1/2-1/2

[Event "1. OEsterreichische Internet Schach Meisterschaft - Vorrunde 1"]
[Site "Online - Playchess.com"]
[Date ""]
[Round "3"]
[Board "14"]
[White "Sulzbacher, Michael"]
[Black "Pilshofer, Paul"]
[Result "1/2-1/2"]
[WhiteElo "2018"]
[BlackElo "1715"]
[PlyCount "129"]
[EventDate "2020.04.11"]
[EventRounds "9"]
[EventCountry "AUT"]

1. b3 d5 2. Bb2 Nf6 3. f4 g6 4. Nf3 Bg7 5. e3 O-O 6. Be2 c5 7. O-O b6 8. Ne5
Bb7 9. Bf3 Nbd7 10. Nxd7 Qxd7 11. d3 Ne8 12. Bxg7 Nxg7 13. Nd2 Nf5 14. Qe2 d4
15. Bxb7 Qxb7 16. e4 Ne3 17. Rfc1 Rae8 18. Nf1 Nxf1 19. Rxf1 e6 20. a4 f5 21.
Rae1 e5 22. fxe5 Rxe5 23. Qf3 Rf7 24. Qg3 Qe7 25. exf5 Rfxf5 26. Rxe5 Qxe5 27.
Rxf5 Qxg3 28. hxg3 gxf5 29. Kf2 Kg7 30. Kf3 Kg6 31. g4 Kg5 32. gxf5 Kxf5 33.
Kg3 Kg5 34. Kf3 h5 35. Kg3 h4+ 36. Kh3 Kh5 37. g3 hxg3 38. Kxg3 Kg5 39. Kf3 Kf5
40. Kg3 a6 41. Kf3 b5 42. axb5 axb5 43. Kg3 Kg5 44. Kf3 Kf5 45. Kg3 Ke5 46. Kg4
Kd5 47. Kf4 c4 48. bxc4+ bxc4 49. Kf5 cxd3 50. cxd3 Kc5 51. Ke5 Kc6 52. Kxd4
Kd6 53. Ke4 Ke6 54. Kd4 Kd6 55. Kc4 Kc6 56. d4 Kd6 57. d5 Kd7 58. Kc5 Kc7 59.
d6+ Kd7 60. Kd5 Kd8 61. Ke5 Kd7 62. Kd5 Kd8 63. Ke6 Ke8 64. d7+ Kd8 65. Kd6
 1/2-1/2

[Event "1. OEsterreichische Internet Schach Meisterschaft - Vorrunde 1"]
[Site "Online - Playchess.com"]
[Date ""]
[Round "3"]
[Board "15"]
[White "Stolzlechner, Andreas"]
[Black "Goelles, Herbert"]
[Result "0-1"]
[WhiteElo "1835"]
[BlackElo "1705"]
[PlyCount "164"]
[EventDate "2020.04.11"]
[EventRounds "9"]
[EventCountry "AUT"]

1. e4 d6 2. d4 g6 3. Nc3 Bg7 4. Be3 Nf6 5. Qd2 O-O 6. O-O-O a5 7. h4 Ng4 8. Be2
Nxe3 9. Qxe3 h6 10. f4 f5 11. e5 h5 12. Nf3 d5 13. e6 c6 14. Ng5 b5 15. Nf7 Qc7
16. Qg3 Bxe6 17. Ne5 Bxe5 18. fxe5 Kh7 19. Qg5 Bf7 20. Bxh5 gxh5 21. Qxf5+ Kg7
22. Rdf1 Na6 23. Qg5+ Bg6 24. Ne2 Qd7 25. Nf4 Qg4 26. Qxe7+ Rf7 27. Ne6+ Kg8
28. Rxf7 Bxf7 29. Qg5+ Kh7 30. Qxg4 hxg4 31. Ng5+ Kg6 32. Rf1 Bg8 33. Rf6+ Kh5
34. g3 Rc8 35. e6 Re8 36. Kd2 Nc7 37. e7 Rxe7 38. Rxc6 Ne6 39. Rc8 Nxg5 40.
hxg5 Be6 41. Rc5 Kxg5 42. Rxb5 Kf5 43. Rxa5 Ke4 44. Ra4 Rf7 45. Rb4 Rf3 46. Rb3
Rf2+ 47. Kd1 Bf5 48. a4 Kxd4 49. Rc3 Be4 50. a5 Bf3+ 51. Ke1 Re2+ 52. Kf1 Re6
53. Ra3 Ra6 54. c3+ Kc4 55. b4 Kb5 56. Kf2 Be4 57. Ke3 Re6 58. Kf4 Bf3 59. Kf5
Ra6 60. Ke5 Kc4 61. Kf4 d4 62. cxd4 Kb5 63. Ke5 Ra7 64. Ra1 Kxb4 65. a6 Kb5 66.
d5 Rxa6 67. Rxa6 Kxa6 68. d6 Kb7 69. Ke6 Bc6 70. Ke7 Kc8 71. Kf6 Kd7 72. Kg5
Bf3 73. Kf4 Kxd6 74. Ke3 Ke5 75. Kf2 Ke4 76. Kg1 Ke3 77. Kh2 Be4 78. Kg1 Kf3
79. Kh2 Bd5 80. Kg1 Kxg3 81. Kf1 Kh2 82. Kf2 g3+ {Zeit}  0-1

[Event "1. OEsterreichische Internet Schach Meisterschaft - Vorrunde 1"]
[Site "Online - Playchess.com"]
[Date ""]
[Round "3"]
[Board "16"]
[White "Nolz, Tom"]
[Black "Schnider, Gert"]
[Result "0-1"]
[WhiteElo "2157"]
[BlackElo "2423"]
[PlyCount "124"]
[EventDate "2020.04.11"]
[EventRounds "9"]
[EventCountry "AUT"]

1. e4 e5 2. Nf3 Nc6 3. Bb5 a6 4. Ba4 Nf6 5. d3 b5 6. Bb3 Be7 7. a3 O-O 8. O-O
d6 9. h3 Be6 10. c3 Bxb3 11. Qxb3 Qd7 12. Nbd2 h6 13. Re1 Rfe8 14. Nf1 Bf8 15.
Ng3 d5 16. exd5 Qxd5 17. Qxd5 Nxd5 18. c4 Nb6 19. Be3 bxc4 20. Bxb6 cxb6 21.
dxc4 f6 22. Rad1 Rad8 23. Nf5 Na5 24. Ne3 Bc5 25. b4 Bxe3 26. bxa5 Bc5 27. axb6
Bxb6 28. a4 Kf7 29. Rb1 Rb8 30. Kf1 Rec8 31. Red1 Ke6 32. Rdc1 Bc5 33. Nd2 Rb4
34. Rxb4 Bxb4 35. Nb3 h5 36. Ke2 f5 37. Kf3 g5 38. g4 fxg4+ 39. hxg4 Rf8+ 40.
Kg3 h4+ 41. Kg2 Rf4 42. f3 e4 43. Nd4+ Kf6 44. fxe4 Rxe4 45. Rf1+ Kg6 46. Nf3
Rxg4+ 47. Kh2 Bd6+ 48. Kh1 Rxc4 49. Rd1 Bf4 50. a5 Rc1 51. Rxc1 Bxc1 52. Ne5+
Kf5 53. Nd3 Bd2 54. Nc5 Bxa5 55. Nxa6 Kg4 56. Nc5 Kf3 57. Nb3 Bc3 58. Nc5 g4
59. Nd3 g3 60. Nc5 g2+ 61. Kh2 Be5+ 62. Kh3 g1=Q  0-1

[Event "1. OEsterreichische Internet Schach Meisterschaft - Vorrunde 1"]
[Site "Online - Playchess.com"]
[Date ""]
[Round "3"]
[Board "17"]
[White "Poetz, Florian"]
[Black "Grafenberger, Dieter"]
[Result "1-0"]
[WhiteElo "2422"]
[BlackElo "1953"]
[PlyCount "73"]
[EventDate "2020.04.11"]
[EventRounds "9"]
[EventCountry "AUT"]

1. e4 e5 2. Nf3 d6 3. Bc4 c6 4. O-O Be7 5. c3 b5 6. Bb3 Nf6 7. Re1 O-O 8. d4
Nbd7 9. Nbd2 Qc7 10. Nf1 a6 11. Ng3 c5 12. Nf5 Nb6 13. Bg5 c4 14. Bc2 Bxf5 15.
exf5 exd4 16. Nxd4 Nfd5 17. Bxe7 Nxe7 18. Qh5 Nbd5 19. Qh4 Rae8 20. Re2 Nf6 21.
g4 d5 22. g5 Ne4 23. f3 Nc5 24. Rae1 Qd7 25. f6 Ng6 26. Qg3 Rxe2 27. Rxe2 Nd3
28. h4 Ngf4 29. Re3 Nh3+ 30. Kh2 Nhf4 31. Bxd3 Nxd3 32. fxg7 Kxg7 33. Qg4 Qd6+
34. Kg1 Qg6 35. h5 Qd6 36. Nf5+ Kg8 37. Nxd6 {Zeit}  1-0

[Event "1. OEsterreichische Internet Schach Meisterschaft - Vorrunde 1"]
[Site "Online - Playchess.com"]
[Date ""]
[Round "3"]
[Board "19"]
[White "Froewis, Annika"]
[Black "Bauer, Sebastian"]
[Result "1-0"]
[WhiteElo "2136"]
[BlackElo "2237"]
[PlyCount "69"]
[EventDate "2020.04.11"]
[EventRounds "9"]
[EventCountry "AUT"]

1. e4 e5 2. Nf3 Nc6 3. d4 exd4 4. Nxd4 Bc5 5. Nb3 Bb6 6. Nc3 Nf6 7. Qe2 O-O 8.
Be3 Bxe3 9. Qxe3 a5 10. a4 Re8 11. O-O-O Qe7 12. f3 d5 13. Nxd5 Nxd5 14. Rxd5
Be6 15. Rb5 b6 16. Bd3 Red8 17. Rd1 Nb4 18. Nd4 Bd7 19. Rg5 c5 20. Nf5 Bxf5 21.
Rxf5 Qd7 22. b3 Rac8 23. Be2 Qe7 24. Rxd8+ Rxd8 25. Bc4 Rf8 26. Qf4 g6 27. Rf6
Kg7 28. Rxb6 Rd8 29. e5 h5 30. Qf6+ Qxf6 31. exf6+ Kg8 32. Rb7 Rf8 33. Rb5 Nc6
34. Rxc5 Ne5 35. Rxe5 {Sebsep1 gibt auf}  1-0